| 000 | 02704cam a22006494i 4500 | ||
|---|---|---|---|
| 003 | PE-LiUPU | ||
| 005 | 20250731180114.0 | ||
| 008 | 180521s2015 sp a r0 001 0 spa d | ||
| 020 | _a8490352798 | ||
| 020 | _a9788490352793 | ||
| 035 | _a(Sirsi) a242051 | ||
| 040 |
_aPE-LiUPU _bspa _cPE-LiUPU _dPE-LiUPU _erda |
||
| 041 | 1 |
_aspa _heng |
|
| 049 | _aPRUA | ||
| 082 | 0 | 4 |
_a576 _bM14 _221 |
| 100 | 1 |
_aMadigan, Michael T., _eautor. |
|
| 245 | 1 | 0 |
_aBrock : _bbiología de los microorganismos / _cMichael T. Madigan, [y otros cuatro] ; Traductores Coral Barrachina, [y otros once] ; Cordinador Carmen Chica. |
| 250 | _a14a edición. | ||
| 264 | 1 |
_aMadrid : _bPearon,lc2015. |
|
| 300 |
_axxx, 1099 páginas : _bilustraciones ; _c27 centímetros |
||
| 336 |
_atext _2rdacontent |
||
| 337 |
_aunmediated _2rdamedia |
||
| 338 |
_avolume _2rdacarrier |
||
| 504 | _aÍndice: páginas 1057-1099. | ||
| 505 | 0 | _aLos fundamentos de la microbiología -- Genómica, genética y virología -- Diversidad microbiana -- Ecología microbiana y microbiología ambiental -- Patogenia e inmunología -- Enfermedades infecciosas y su transmisión. | |
| 526 | _aSEG44 | ||
| 526 | _aSEG26 | ||
| 526 | _aP159 | ||
| 526 | _aP155 | ||
| 526 | _aP154 | ||
| 526 | _aP153 | ||
| 526 | _aP150 | ||
| 526 | _aP100 | ||
| 526 | _aP31 | ||
| 526 | _aP30 | ||
| 526 | _aP26 | ||
| 526 | _aP25 | ||
| 526 | _aP24 | ||
| 526 | _aP22 | ||
| 526 | _aP15 | ||
| 526 | _aP10 | ||
| 534 |
_pTítulo original : _tBrock. Bilogy of microorganisms. |
||
| 541 | _g002-00000048; | ||
| 541 | _gE001-6; | ||
| 650 | 0 | 4 | _aDesertificación. |
| 650 | 0 | 4 | _aIngeniería ambiental. |
| 650 | 0 | 4 | _aEcología agricola. |
| 650 | 0 | 4 | _aMicrobiología. |
| 910 |
_admb _bkslcksl _d20180521 |
||
| 910 |
_abrg _bksl _cksl _d20190805 |
||
| 942 |
_2ddc _cBOOK |
||
| 994 |
_aC0 _bPEPRU |
||
| 596 | _a1 | ||
| 999 |
_a576 M14 _wLC _c27561 _i78489 _d27561 _e2019-8-21 _f2021-11-9 _g5 _lCCODEBUL1 _mBUL _n6 _p70.10 _q1 _r0 _sY _tBOOK _u2018-5-21 _xINGENIERIA _PP24 _0COMPRA _1FCOMPRA _o.PUBLIC. _o.STAFF. Colección Ingeniería y Arquitectura |
||
| 999 |
_a576 M14 _wLC _c2 _i78490 _d2019-4-25 _e2019-4-21 _f2021-11-9 _g5 _lCCODEBUL1 _mBUL _n2 _p70.10 _r0 _sY _tBOOK _u2018-5-21 _xINGENIERIA _PP24 _0COMPRA _1FCOMPRA _o.PUBLIC. _o.STAFF. Colección Ingeniería y Arquitectura |
||
| 999 |
_a576 M14 _wLC _c3 _i80484 _d2019-9-2 _f2021-11-5 _g4 _lCCODEBUL1 _mBUL _p36.95 _q5 _r0 _sY _tBOOK _u2019-8-5 _xBIBLIOTECA _zP22 _0COMPRA _1FCOMPR3 _o.PUBLIC. _o.STAFF. Colección Ciencias de la Salud |
||
| 980 |
_81 _gALBERTO SANCHEZ Responsable de Automatización |
||